000 00650nam a2200193Ia 4500
008 151119s9999||||xx |||||||||||||| ||und||
082 _a891.463
082 _bGKKV23483
100 _aसंपत सी के
245 _aविकास रगतदार गोष्टी निळा रंग
260 _a--
260 _b--
260 _c2012
600 _aसंपत सी के
630 _aविकास रगतदार गोष्टी निळा रंग
700 _aसंपत सी के
730 _aविकास रगतदार गोष्टी निळा रंग
942 _cBOOK
999 _c1076128
_d1076125